Bytový dom

Gespeichert in:
Bibliographische Detailangaben
1. Verfasser: Reisinger, Viktor (Verfasst von)
Weitere Verfasser: Švolík, Milan (Betreuung Doktorarbeit)
Format: Manuskript Buch
Sprache:Slowakisch
Veröffentlicht: 2025
Schlagworte:
Online-Zugang:http://is.stuba.sk/zp/portal_zp.pl?podrobnosti=186041
CRZP
Tags: Tag hinzufügen
Keine Tags, Fügen Sie das erste Tag hinzu!

MARC

LEADER 00000ntm a22000003a 4500
001 stuzp105177
003 SK-STU
005 20250729112539.6
007 ta
008 150427s2015----xo-----f-mn---000-0-slo-d
040 |a STU  |b slo 
041 0 |a slo 
100 1 |a Reisinger, Viktor  |u 010270  |4 aut  |U SvF Stavebná fakulta  |T SvF Katedra technológie stavieb  |X 115897  |U V270  |Y 28  |7 115897 
242 0 1 |a Residential House  |y eng 
245 1 0 |a Bytový dom 
260 |c 2025 
650 4 |a Bytový dom  |2 slo 
650 4 |a zateplenie  |2 slo 
650 4 |a fotovoltaická fasáda  |2 slo 
650 4 |a Apartment building  |2 eng 
650 4 |a facade  |2 eng 
650 4 |a photovoltaic facade  |2 eng 
700 1 |a Švolík, Milan  |u 010270  |k Z3  |4 ths  |U SvF Stavebná fakulta  |T SvF Katedra technológie stavieb  |X 75539  |U V270  |Y 28  |7 75539 
856 4 |u http://is.stuba.sk/zp/portal_zp.pl?podrobnosti=186041 
856 4 |u https://opac.crzp.sk/?fn=detailBiblioForm&sid=4013D2F8FE5692F45DCD2B4F6B33  |z CRZP